Evénements du 10 novembre - Statistiques

Statistiques générales
  • Ce quiz a été pris 38 fois
  • Le résultat moyen est 5 sur 15
Statistiques - réponses
Hint Réponse % Correct
Naissance de Richard Burton, acteur 1925
58%
Intronisation de l'empereur Hirohito au Japon 1928
52%
Mort d'Arthur Rimbaud 1891
48%
Naissance de Charles le Téméraire futur duc de Bourgogne 1433
45%
Naissance de Winston Churchill 1871
45%
Création de l'opéra La Force du destin de Verdi 1862
42%
Mort d'Abel Gance, cinéaste 1981
39%
Mort du pape Léon 1er 461
39%
Bataille de Varna entre Turcs et Bulgares 1444
32%
L'Académie française intègre les mots "emmerder, emmerdeur et emmerdant" dans son dictionnaire 1977
32%
Bataille de Burgos en Espagne 1808
29%
Naissance de Martin Luther 1483
19%
Naissance du peintre William Hogarth 1697
19%
Naissance de Ninon de Lenclos 1620
16%
Mort du pape Paul III 1549
10%
Aucun quiz correspondant
Distribution des résultats
% des personnes avec chaque résultat
Percentile par nombre de réponses
Votre historique - résultats
Vous n’avez pas pris ce quiz